[Event "EU-ch U10"]
[Site "Bratislava"]
[Date "2019.08.07"]
[Round "6"]
[White "Gusev, Mikhail"]
[Black "Rabinovich, Yoav"]
[Result "1-0"]
[WhiteElo "1598"]
[BlackElo "1217"]
[PlyCount "101"]
[EventDate "2019.08.02"]
[EventType "swiss"]
[EventRounds "9"]
[EventCountry "SVK"]
[SourceTitle "EXT 2020"]
[Source "ChessBase"]
[SourceDate "2019.10.17"]
[SourceVersion "1"]
[SourceVersionDate "2019.10.17"]
[SourceQuality "1"]

1. e4 e6 2. d4 d5 3. Nd2 c5 4. Ngf3 cxd4 5. Nxd4 Nf6 6. e5 Nfd7 7. f4 Qb6 8. N2b3 Nc5 9. c3 Nxb3 10. Qxb3 Bc5 11. Be3 Bd7 12. Bd3 Nc6 13. Qxb6 Bxb6 14. Ke2 h6 15. Nb5 0-0 16. Bxb6 axb6 17. Nd6 Ra7 18. b4 Rfa8 19. Kf3 Rxa2 20. Rxa2 Rxa2 21. Nxb7 Ra3 22. Rc1 d4 23. b5 Na7 24. Nd6 Rxc3 25. Rxc3 dxc3 26. Ke2 Nc8 27. Nxc8 Bxc8 28. Be4 f5 29. Bc6 g5 30. fxg5 hxg5 31. Kd3 Kg7 32. Kxc3 Kh6 33. Kd4 Kh5 34. Ke3 Kg4 35. Bf3+ Kh4 36. Kd3 f4 37. Ke2 g4 38. Bc6 Kg5 39. Kd3 Kh4 40. Ke4 f3 41. gxf3 gxf3 42. Kxf3 Kh3 43. Kf4 Kxh2 44. Kg5 Kg3 45. Kf6 Kf4 46. Ke7 Kxe5 47. Kd8 Kd6 48. Kxc8 Kc5 49. Kb7 e5 50. Ka6 e4 51. Bxe4 1-0

[Event "EU-ch U10"]
[Site "Bratislava"]
[Date "2019.08.02"]
[Round "1"]
[White "Rabinovich, Yoav"]
[Black "Perossa, Nicolas"]
[Result "1/2-1/2"]
[WhiteElo "1217"]
[BlackElo "1627"]
[PlyCount "65"]
[EventDate "2019.08.02"]
[EventType "swiss"]
[EventRounds "9"]
[EventCountry "SVK"]
[SourceTitle "EXT 2020"]
[Source "ChessBase"]
[SourceDate "2019.10.17"]
[SourceVersion "1"]
[SourceVersionDate "2019.10.17"]
[SourceQuality "1"]

1. d4 e6 2. Nf3 Nf6 3. Bf4 c5 4. e3 Qb6 5. Bc4 h6 6. c3 Nc6 7. Nbd2 d5 8. Be2 Bd7 9. 0-0 Rc8 10. Qc2 cxd4 11. exd4 Nxd4 12. Nxd4 Qxd4 13. Be3 Qe5 14. Nf3 Qb8 15. Qb3 Bd6 16. h3 0-0 17. Rad1 Bc6 18. Nd4 b6 19. Rc1 Ba8 20. Bf3 Bb7 21. Rfd1 Rfd8 22. Nb5 Bc5 23. Bxc5 bxc5 24. c4 d4 25. Bxb7 Qxb7 26. Nxd4 Qxb3 27. Nxb3 Rd7 28. Kf1 Kf8 29. Rxd7 Nxd7 30. Rd1 Nb6 31. Na5 Rc7 32. b3 Nc8 33. Ke2 1/2-1/2